Business as mission : (Record no. 143065)

MARC details
000 -LEADER
fixed length control field 00681nam a22001937a 4500
005 - DATE AND TIME OF LATEST TRANSACTION
control field 20170802145554.0
010 ## - LCCN (DPL NO)
LC control number ENG-119515
020 ## - INTERNATIONAL STANDARD BOOK NUMBER
Terms of availability 200.00
International Standard Book Number 9788184655230
035 ## - SYSTEM CONTROL NUMBER
System control number EN-103047
037 ## - SOURCE OF ACQUISITION
Source of stock number/acquisition DBAD/PUB
082 ## - DEWEY DECIMAL CLASSIFICATION NUMBER
Classification number 280.66
100 ## - MAIN ENTRY--PERSONAL NAME
Personal name Benjamin,S.Solomon Paul
245 ## - TITLE STATEMENT
Title Business as mission :
Statement of responsibility, etc by S.Solomon Paul Benjamin
Remainder of title resource mobilization for sustainability /
260 ## - PUBLICATION, DISTRIBUTION, ETC. (IMPRINT)
Place of publication, distribution, etc Delhi
Name of publisher, distributor, etc The Indian Society for Promoting Christian Knowlewdge(ISPCK))
Date of publication, distribution, etc 2015
270 ## - ADDRESS
Address 1585,1654 Madarsa Road Kashmere Gate
City Delhi
Postal code 110006
300 ## - PHYSICAL DESCRIPTION
Extent xvii,92p.
Dimensions 23cm(pbk)
500 ## - GENERAL NOTE
General note Includes bibliographical references
942 ## - ADDED ENTRY ELEMENTS (KOHA)
Source of classification or shelving scheme Dewey Decimal Classification
Item type English Books
Call number suffix BEN
Classification part 280.66
Holdings
Withdrawn status Lost status Not for loan Collection code Home library Current library Date acquired Source of acquisition Cost, normal purchase price Full call number Barcode Copy number Cost, replacement price Koha item type
    Not For Loan Non-fiction D.B.Act.Division Bawana 02/08/2017 DBAD/PUB 200.00 280.66 BEN EN-103047 1 200.00 English Books

© Delhi Public Library
Hit Counter
free hit counter